| 000 | 00772nam a22002177a 4500 | ||
|---|---|---|---|
| 003 | BD-DhJNU | ||
| 005 | 20251007070705.0 | ||
| 008 | 251007b |||||||| |||| 00| 0 eng d | ||
| 020 | _a8131300358 | ||
| 040 |
_aBD-DhJNU _bENG _cBD-DhJNU _dBD-DhJNU |
||
| 082 |
_223 _a639.3 FIS |
||
| 245 |
_aFishes and fisheries : _bconservation and sustainable development / _cedited by Rekha R. Gaonkar, R. B. Patil and Maria D. C. Roadrigues. |
||
| 260 |
_aNew Delhi : _bA P H Publishing Corporation, _c2014. |
||
| 300 |
_axix, 281 p. : _bill. ; _c22 cm. |
||
| 504 | _aIncludes bibliographies and index | ||
| 650 | _aFishes and fisheries | ||
| 700 |
_aGaonkar, Rekha R. _eeditor |
||
| 700 |
_aPatil, R. B. _eeditor |
||
| 700 |
_aRodrigues, Maria D. C. _eeditor |
||
| 942 |
_2ddc _cBK _n0 |
||
| 999 |
_c2175 _d2175 |
||